000
00310nam a22001217a 4500
082
_a
658.3 PIG'P
100
_a
PIGORS, PAUL,MYERS, CHARLES A
_9
58491
245
_a
PERSONAL ADMINISTRATION A POINT OF VIEW AND A METHOD
250
_a
2ND
260
_a
NEWYORK
_b
MCGRAW HILL
_c
1951
300
_a
614P
942
_c
BK
999
_c
568684
_d
568684